000 00615nam a22001577a 4500
005 20120418120727.0
020 _a0195678125
_c450.00
035 _aB-228146
037 _aDPL
_bENG
100 _aMacfarlane, Iris
_945286
245 _aDaughters of the empire :
_bA memoir of life and times in the British Raj /
_cby Iris Macfarlane
260 _aNew Delhi
_bOxford University Press
_c2006
300 _axvi, 165p.
_c20 cms.
942 _2ddc
_cEN
_h305.488205408
_mMAC
999 _c65198
_d65198